02208cam a2200241 a 450000500170000000800410001701000140005804000660007204300120013808200120015010000310016224000130019324202430020624502080044926000960065730000360075350009220078950501310171150600210184254600220186365000630188565000180194820140903174854.0910806s1645 sz fr 001 0 lat d a91180348  aDLCcSandra Yazo (modificó)edcrbdSandra Yazo (modificó) ae-it---04220a3451 aGiurba, Mario,d1565-1649.10aConsilia00aConceptos y sentencias penalesbObra en la que, por vez primera, se incluyen, con claridad y en forma completa, los temas de inmunidad eclesiástica, privilegios de la Patria y todo lo relacionado con el derecho penal.cMario Giurbayspa10cD. Marij Giurba i.c. ...aConsilia, seu Decisiones criminalesbopus quod ecclesiae immunitatis, patriae priuilegiorum, ac totius rei criminalis tractationem, nunc primum clarè, plenéque complectitur. aColoniae Allobrogum [Ginebra]bTypis Philippi Gamonet [A expensas de Samuel Crispini]c1645 a[14], 630, [40] p.c34 x 23 cm. aDetalles físicos: Encuadernación flexible en pergamino, tapas manchadas, arrugadas y rotas. Guardas. Anteportada. Portada impresa en dos colores, con grabado (marca del impresor-editor en un óvalo, enmarcado en elementos clásicos, la célebre salamandra en llamas, emblema muy frecuente en el gremio). Dedicatoria a D. José de Nápoles, Presidente del Tribunal Real y Consejero de Felipe IV. Palabras del jurista Diego Cannata a los lectores. Elogios, en versos latinos e italianos, al autor y su obra. Texto impreso en caracteres romanos, en dos columnas, sobre papel de regular calidad. Párrafos numerados. Signaturas. Papel con muchas mancha por humedad. En la portada varias anotaciones: “Licenciado Don Francisco Ventura de Castillo y Toledo” y “Del Colegio del Rosario”. Y dos sellos de tinta: “El Colegio de Nuestra Señora del Rosario” y “Del Colegio de Nra. Sra. del Rosario”.2 a100 conceptos jurídicos, explicados y fundamentados, sobre diversos temas de materia penal, relacionados con Ambos Derechos. aConsulta en sala aTexto en latín. 7aConceptos (Derecho penal)zItaliaxObras anteriores a 1800 7aDerecho penal